| 000 | 02371cam a22004454i 4500 | ||
|---|---|---|---|
| 003 | PE-LiUPU | ||
| 005 | 20250731172931.0 | ||
| 008 | s1972 xxu gr 000 0 eng d | ||
| 035 | _a(Sirsi) a204405 | ||
| 040 |
_aPE-LiUPU _bspa _cPE-LiUPU _erda |
||
| 049 | _aPRUA | ||
| 082 | 0 | 4 |
_a227.1 _bL76 _221 |
| 100 | 1 |
_aLloyd-Jones, D. M., _eautor. |
|
| 245 | 1 | 0 |
_aRomans / _cD. M. Lloyd-Jones. |
| 264 | 1 |
_aMichigan : _bZondervan, _c1972. |
|
| 300 |
_a313 páginas ; _c21 centímetros. |
||
| 336 |
_atext _2rdacontent |
||
| 337 |
_aunmediated _2rdamedia |
||
| 338 |
_avolume _2rdacarrier |
||
| 505 | 2 | _tChapter 6 -- An exposition of chapter 6 the new man -- Introductory analysis -- Realizing our position -- Union with christ -- The implication of our union with christ -- The likeness of christ's resurrection, now and future -- The negative consequences of our crusifixion with christ -- Reconciliation of romans 6:6 nad Ephesians 4:22-24 -- The positive aspect -- Christ's life unto God. | |
| 505 | 2 | _tChapter 5 -- An exposition of chapter 5 assurance -- Analysis of chapter 5-8 -- The manward and godward sides of peace with God -- Access to God -- Boasting and exulting in hope -- The christian's reaction to trial contrasted with that of the cults -- Hope leads no to shame but to overcoming -- The holy spirit and assurance -- Verse 6-8 and exposition of the father's love -- God's love for sinners -- Much more then -- Further argument from the greater to the lesser -- Glorying in God and causes of not doing so -- New section -- General analysis of the passage --- The meaning of 'all have sinned. | |
| 526 | _aSEG42 | ||
| 526 | _aSEG41 | ||
| 526 | _aSEG40 | ||
| 526 | _aSEG39 | ||
| 526 | _aP94 | ||
| 526 | _aP87 | ||
| 526 | _aP86 | ||
| 526 | _aP85 | ||
| 526 | _aP77 | ||
| 526 | _aP76 | ||
| 526 | _aP35 | ||
| 650 | 0 | 4 |
_aRomanos _xLibro |
| 942 |
_2ddc _cBOOK |
||
| 994 |
_aC0 _bPEPRU |
||
| 596 | _a1 | ||
| 999 |
_a227.1 L76 _wLC _c20766 _i76265 _f2021-11-9 _g4 _lCCODEBUL1 _mBUL _p3.00 _r0 _sY _tBOOK _u2017-6-16 _xTEOLOGIA _PP85 _0COMPRA _o.STAFF. Colección Teología _d20766 |
||
| 999 |
_a227.1 L76 _wLC _c2 _i76266 _f2021-11-9 _g4 _lCCODEBUL1 _mBUL _p3.00 _r0 _sY _tBOOK _u2017-6-16 _xTEOLOGIA _PP85 _0COMPRA _o.STAFF. Colección Teología |
||
| 980 |
_81 _gALBERTO SANCHEZ Responsable de Automatización |
||